Špeciálne metódy zvárania : Habilitačná práca. (Súbor prác)
Saved in:
| Main Author: | |
|---|---|
| Format: | Book |
| Language: | Slovak English |
| Published: |
Trnava :
STU v Bratislave MtF KZv,
2006
|
| Subjects: | |
| Tags: |
No Tags, Be the first to tag this record!
|
MARC
| LEADER | 00000nam a22000003a 4500 | ||
|---|---|---|---|
| 001 | stu139000 | ||
| 005 | 20150617225923.5 | ||
| 008 | 070319s2006----xo------------------slo-d | ||
| 040 | |a STU |b slo | ||
| 041 | 0 | |a slo |a eng | |
| 044 | |a xo | ||
| 080 | |a 621.791 | ||
| 100 | 1 | |a Kovačócy, Pavel, |d 1967- |4 aut |u M3000 |9 100 |U MTF Materiálovotechnologická fakulta |T MTF Ústav výrobných technológií |X 4171 |U M3000 |Y 83 |7 A000004171 | |
| 245 | 1 | |a Špeciálne metódy zvárania : |b Habilitačná práca. (Súbor prác) | |
| 260 | |a Trnava : |b STU v Bratislave MtF KZv, |c 2006 | ||
| 650 | 7 | |a zváranie |2 stusub | |
| 996 | |b 284M075971 |c M*HP-28 |l MMSKP |s P |a 0 |w stu139000_0001 | ||